| 000 | 00648nam a22001937a 4500 | ||
|---|---|---|---|
| 003 | OSt | ||
| 005 | 20260120161319.0 | ||
| 008 | 260120b |||||||| |||| 00| 0 eng d | ||
| 037 |
_a6349 _bBharati Madhyavarti Sahakari Grahak Bhandar Pune |
||
| 040 | _cNLK | ||
| 041 | _aMarathi | ||
| 082 |
_a347.5406 _bCHA |
||
| 100 | _aॲड. प. रा. चांदे | ||
| 245 |
_aभारतीय साक्ष अधिनियम २०२३: Bharatiya Sakshya Adhiniyam 2023 _cP R Chande |
||
| 260 |
_aPune _bMukund Prakashan _c2025 |
||
| 300 | _a416 | ||
| 650 | _aLaw of evidence—India; Bharatiya Sakshya Adhiniyam | ||
| 942 |
_2ddc _cTB _n0 |
||
| 999 |
_c1215155 _d1215155 |
||